000 00702nam a2200253Ia 4500
005 20250425161925.0
008 250425s9999 xx 000 0 und d
020 _a0130117323
041 _aeng
082 _a658.4038
100 _aLAUDON, KENNETH C.
245 0 _aMANAGEMENT INFORMATION SYSTEMS: ORGANIZATION AND TECHNOLOGY IN THE NETWORKED ENTERPRISE
250 _a6TH ED.
260 _aEstados Unidos
_bPRENTICE HALL
_c2000
260 _aNEW YORK
300 _a588
500 _aINCLUYE CD ROM
650 _aADMINISTRACION DE SISTEMAS DE INFORMACION
650 _aORGANIZACION
650 _aTECNOLOGIA ADMINISTRATIVA
710 _aPRENTICE-HALL
942 _c01
010 _a35075
999 _c218941
_d218941